Doña estrella y sus luceros / (Record no. 143308)

MARC details
000 -CABECERA
campo de control de longitud fija 00642nam a2200205 a 4500
005 - FECHA Y HORA DE LA ÚLTIMA TRANSACCIÓN
campo de control 20260327064208.0
008 - ELEMENTOS DE LONGITUD FIJA--INFORMACIÓN GENERAL
campo de control de longitud fija 090616m19872004mx r 000 0 spa d
020 ## - NÚMERO INTERNACIONAL NORMALIZADO PARA LIBROS
Número Internacional Estándar del Libro 9684940270
035 ## - NÚMERO DE CONTROL DEL SISTEMA
Número de control de sistema UPN01000171203
049 ## - COLECCIÓN
Colección I
050 #4 - SIGNATURA TOPOGRÁFICA DE LA BIBLIOTECA DEL CONGRESO
Número de clasificación PZ76.3
Número de documento/Ítem A2.4
100 1# - ASIENTO PRINCIPAL--NOMBRE PERSONAL
Nombre de persona Abreu Gómez, Ermilo,
Fechas asociadas al nombre 1894-1971
9 (RLIN) 28026
245 10 - MENCIÓN DE TÍTULO
Título Doña estrella y sus luceros /
Mención de responsabilidad, etc. Hermilo Abreu Gómez ; il. Maribel Suárez.
260 ## - PUBLICACIÓN, DISTRIBUCIÓN, ETC.
Lugar de publicación, distribución, etc. México :
Nombre del editor, distribuidor, etc. CIDCLI,
Fecha de publicación, distribución, etc. 1987 (2004 impr.).
300 ## - DESCRIPCIÓN FÍSICA
Extensión 24 p. :
Otras características físicas il. col.
440 #3 - MENCIÓN DE SERIE/ASIENTO SECUNDARIO--TÍTULO
Título La troje encantada
650 #4 - ASIENTO SECUNDARIO DE MATERIA - TERMINO TEMATICO
Término de materia o nombre geográfico como elemento de entrada Gatos
Subdivisión de forma Cuentos y leyendas
9 (RLIN) 11010
650 #4 - ASIENTO SECUNDARIO DE MATERIA - TERMINO TEMATICO
Término de materia o nombre geográfico como elemento de entrada Cuentos infantiles mexicanos
9 (RLIN) 7723
905 ## - TIPO DE MATERIAL
Tipo de material Infantil
Holdings
Estado de retiro Estado de pérdida Fuente del sistema de clasificación o colocación Estado dañado No para préstamo Código de colección Localización permanente Ubicación/localización actual Ubicación en estantería Fecha de adquisición Clasificación Código de barras Fecha visto por última vez Número de copia Tipo de ítem Koha Total de préstamos
    Library of Congress Classification     Infantil Bib. Gregorio Torres Quintero Bib. Gregorio Torres Quintero Sala infantil Planta baja 10/05/2023 PZ76.3 A2.4 320443 31/12/2020 1 Libro  
    Library of Congress Classification     Infantil Bib. Gregorio Torres Quintero Bib. Gregorio Torres Quintero Sala infantil Planta baja 10/05/2023 PZ76.3 A2.4 257948 31/12/2020 1 Libro 5
    Library of Congress Classification     Infantil Bib. Gregorio Torres Quintero Bib. Gregorio Torres Quintero Sala infantil Planta baja 10/05/2023 PZ76.3 A2.4 285841 31/12/2020 1 Libro 1